008950000a22001690004500090001300000100003700013245012800050260002500178300001100203500005800214520020000272001000500472942000700477952011200484952011200596999001700708 aT R6182c1 aRodríguez Betancur, John Fredy10aLas consecuencias que la revolución constantiniana trajo para el gobierno de la iglesia / John Fredy Rodríguez Betancur aMedellín, Colombia a61 Pag aTesis (licenciatura)--Seminario Bíblico de Colombia a- Gobierno de la iglesia antes de Constantino - Los cambios en la iglesia, los cuales inicio Constantino - La organización de la iglesia despúes de Constantino - Constantino y el poder papal4309 cBK 001040708TGaFUSBCbFUSBCd2004-12-06l0o T R6182cp11358r2019-12-12 00:00:00t1w2016-01-26yTGB0C3 001040708TGaFUSBCbFUSBCd2004-12-06l0o T R6182cp11359r2019-12-12 00:00:00t2w2016-01-26yTGB0C3 c34918d34918